00287nam a2200109Ia 4500008004100000020001800041100001900059245003800078250001100116260003100127300001900158180205s9999 xx 000 0 und d a9781119293378 aWinter, Arthur aOrganic chemistry 1 for dummies / a2nd ed aNew jersey :bCanadac2014 avii, 364 pages